| 000 | 00624nam a22002057a 4500 | ||
|---|---|---|---|
| 003 | BD-DhJNU | ||
| 005 | 20250916093054.0 | ||
| 008 | 250916b |||||||| |||| 00| 0 eng d | ||
| 020 | _a9789843428981 | ||
| 040 |
_aBD-DhJNU _bENG _cBD-DhJNU _dBD-DhJNU |
||
| 082 |
_223 _a346.5492 |
||
| 100 | _aIslam Mohammad Towhidul | ||
| 245 |
_aLand law : _btext, cases & materials / _cMohammad Towhidul Islam |
||
| 250 | _a3rd ed. | ||
| 260 |
_aDhaka : _bCenter for human rights & legal research, _c2023. |
||
| 300 |
_axliv, 655 p. : _bill. ; _c22 cm |
||
| 504 | _aincludes index | ||
| 650 | _aReal property Law | ||
| 942 |
_2ddc _cBK _n0 |
||
| 999 |
_c2116 _d2116 |
||